| 000 | 00342nam a22001217a 4500 | ||
|---|---|---|---|
| 082 | _a220 PRO | ||
| 100 |
_aANAM ZAHID, AZKA ARSHAD _971592 |
||
| 245 | _aPR-SOF-1470-SMART ELCTRIC METERS AND CLOUD COMPUTING | ||
| 260 |
_aISLAMABAD _bNUST COLLEGE OF EME _c2015 |
||
| 650 |
_aDE-COMP-33 _971593 |
||
| 700 |
_aDR SHOAB A.KHAN _918474 |
||
| 942 | _cCR | ||
| 999 |
_c578026 _d578026 |
||